000 00665nam a22002175i 4500
001 169236
003 ES-MaACL
005 20250911062844.0
008 080825s2008 sp |||| | spa d
020 _a978-84-7522-677-4
080 _a821.134.2-14"19"
100 1 _aRodríguez Moya, Daniel.
_9138319
245 1 0 _aCambio de planes /
_cDaniel Rodríguez Moya.
260 _aMadrid :
_bVisor Libros,
_c[2008]
300 _a58 p. ;
_c20 cm.
490 1 _aColección Visor de poesía ;
_v677
500 _a"VI Premio Vicente Núñez"
830 0 _aColección Visor de poesía
_v677
_9177331
852 _aES-MaACL
_jL-29687
_9R.143629
999 _c169236
_d169236